[Event "51st Belgrade WGM 2019"]
[Site "Belgrade"]
[Date "2019.03.19"]
[Round "3.1"]
[White "Dimitrova, Aleksandra"]
[Black "Strutinskaia, Galina"]
[Result "1-0"]
[WhiteElo "2259"]
[BlackElo "2225"]
[Annotator "NA"]
[PlyCount "111"]
[EventDate "2019.03.17"]
[EventType "tourn"]
[EventCountry "SRB"]
[SourceTitle "playchess.com"]
[Source "ChessBase"]
[SourceQuality "1"]
[TimeControl "40/5400+30:1800+30"]

1. e4 {[%emt 0:00:00]} c5 {[%emt 0:00:00]} 2. Nf3 {[%emt 0:00:00]} d6 {[%emt 0:00:00]} 3. d4 {[%emt 0:00:00]} cxd4 {[%emt 0:00:00]} 4. Nxd4 {[%emt 0:00:00]} Nf6 {[%emt 0:00:00]} 5. Nc3 {[%emt 0:00:00]} a6 {[%emt 0:00:00]} 6. Nb3 {[%emt 0:00:07]} Nc6 {[%emt 0:01:43]} 7. Be3 {[%emt 0:00:57] B56: Classical Sicilian: Unusual Lines} e6 {[%emt 0:03:37]} (7... g6 8. Nd5 Nxd5 9. exd5 Ne5 10. Bd4 Bh6 11. Be2 O-O 12. O-O b5 13. a4 b4 14. c3 Bb7 15. cxb4 Bxd5 {0-1 (29) Anand,V (2776)-Vachier Lagrave,M (2811) Bastia 2016}) 8. g4 {[%emt 0:01:27]} Be7 {[%emt 0:00:56]} 9. g5 {[%emt 0:03:06]} Nd7 {[%emt 0:00:31]} 10. f4 {[%emt 0:01:45]} b5 {[%emt 0:00:54]} 11. Bd3 $146 {[%emt 0:13:06]} ({Predecessor:} 11. Bg2 Bb7 12. O-O O-O 13. Qh5 Qc7 14. f5 Nce5 15. Nd4 exf5 16. Nxf5 {1-0 (24) Badmatsyrenov,O (2454)-Kopylov,A (1716) Ekaterinburg 2018}) 11... Bb7 {[%emt 0:03:17]} 12. Qg4 {[%emt 0:07:29]} Nb6 {[%emt 0:07:07]} 13. O-O-O {[%emt 0:04:26]} Qc7 {[%emt 0:02:08]} 14. Rhe1 {[%emt 0:08:25]} Nb4 {[%emt 0:08:57]} 15. Kb1 {[%emt 0:04:34]} Na4 {[%emt 0:05:11]} 16. Bd2 {[%emt 0:05:36]} Nxd3 {[%emt 0:02:25]} 17. cxd3 {[%emt 0:00:09]} Nc5 {[%emt 0:00:22]} 18. Nxc5 {[%emt 0:16:28]} dxc5 {[%emt 0:01:38]} 19. f5 {[%emt 0:00:47]} Qd7 {[%emt 0:01:42]} 20. Be3 {[%emt 0:02:31]} b4 {[%emt 0:02:41]} 21. Ne2 {[%emt 0:03:38]} e5 {[%emt 0:01:16]} 22. Qg1 {[%emt 0:09:46]} c4 {[%emt 0:07:15]} 23. dxc4 {[%emt 0:01:16]} Bxe4+ {[%emt 0:00:09]} 24. Ka1 {[%emt 0:00:07]} Qc6 {[%emt 0:00:36]} 25. Ng3 {[%emt 0:02:30]} Bf3 {[%emt 0:05:13]} 26. Rd2 {[%emt 0:02:32]} b3 {[%emt 0:01:38]} 27. c5 {[%emt 0:01:20]} f6 {[%emt 0:04:18]} 28. gxf6 {[%emt 0:01:04]} Bxf6 {[%emt 0:00:45]} 29. Rd6 {[%emt 0:00:58]} Qa4 {[%emt 0:01:35]} 30. a3 {[%emt 0:01:19]} Kf7 {[%emt 0:03:25]} 31. Qf2 {[%emt 0:00:57]} e4 {[%emt 0:03:02]} 32. Bd4 {[%emt 0:00:21]} Rhe8 {[%emt 0:02:45]} 33. Bxf6 {[%emt 0:01:05]} gxf6 {[%emt 0:00:14]} 34. Qd2 {[%emt 0:01:15]} e3 {[%emt 0:02:38]} 35. Rxe3 {[%emt 0:05:44]} Qf4 {[%emt 0:01:02]} 36. Rxb3 {[%emt 0:00:40]} Qxd2 {[%emt 0:00:39]} 37. Rxd2 {[%emt 0:00:02]} Bc6 {[%emt 0:01:49]} 38. Rb6 {[%emt 0:00:43]} Bb5 {[%emt 0:00:37]} 39. Rdd6 {[%emt 0:01:25]} Re5 {[%emt 0:01:23]} 40. Rxf6+ {[%emt 0:01:00]} Kg8 {[%emt 0:00:16]} 41. b4 {[%emt 0:31:03]} Re3 {[%emt 0:30:42]} 42. Kb2 {[%emt 0:00:00]} Bc4 {[%emt 0:00:00]} 43. c6 {[%emt 0:00:00]} Rc8 {[%emt 0:00:00]} 44. a4 {[%emt 0:00:00]} h5 {[%emt 0:00:00]} 45. Rg6+ {[%emt 0:00:00]} Kf8 $18 {[%emt 0:00:00]} 46. Nxh5 {[%emt 0:00:00]} Rb3+ {[%emt 0:00:00]} 47. Kc2 {[%emt 0:00:00]} Rh3 {[%emt 0:00:00]} 48. Nf4 {[%emt 0:00:00]} Rxh2+ {[%emt 0:00:00]} 49. Kc3 {[%emt 0:00:00]} Bf7 {[%emt 0:00:00]} 50. Ne6+ {[%emt 0:00:00]} Ke8 {[%emt 0:00:00]} 51. Rg7 {[%emt 0:00:00]} Rh5 {[%emt 0:00:00]} 52. Ng5 {[%emt 0:00:00]} Bd5 {[%emt 0:00:00]} 53. c7 {[%emt 0:00:00]} Rh4 {[%emt 0:00:00]} 54. Kd3 {[%emt 0:00:39]} Rc4 {[%emt 0:00:00]} 55. Rh6 {[%emt 0:01:44]} Kf8 {[%emt 0:00:00]} 56. f6 {[%emt 0:00:22]} 1-0

[Event "51st Belgrade WGM 2019"]
[Site "Belgrade"]
[Date "2019.03.19"]
[Round "3.2"]
[White "Chelushkina, Irina"]
[Black "Voiska, Margarita"]
[Result "1-0"]
[WhiteElo "2277"]
[BlackElo "2203"]
[Annotator "TA"]
[PlyCount "135"]
[EventDate "2019.03.17"]
[EventType "tourn"]
[EventCountry "SRB"]
[SourceTitle "playchess.com"]
[Source "ChessBase"]
[SourceQuality "1"]

{[%evp 12,135,-10,-29,-8,-30,-26,-36,9,-19,-25,-31,-32,-16,-22,-28,-7,-15,-20,-31,-11,-14,-16,-21,-18,-18,-6,-19,-17,-29,-23,-26,-25,-22,-17,-7,0,-37,-42,-63,-29,-52,-17,-37,-19,-14,-18,-40,-14,-37,-45,-42,0,-9,0,0,0,-6,64,0,63,11,23,11,98,104,106,92,157,134,156,156,186,166,218,209,219,219,207,152,239,243,239,247,246,227,257,229,242,219,215,217,226,210,383,350,401,348,320,308,354,327,363,257,287,282,322,315,325,325,374,363,360,358,367,340,441,432,435,404,578,538,496,422,514,509]} 1. e4 e6 2. d3 d5 3. Nd2 c5 4. Ngf3 Nc6 5. c3 g6 6. Be2 Bg7 7. O-O Nge7 {C00: French: Unusual White 2nd moves} 8. Re1 O-O 9. Bf1 h6 $146 {Black is slightly better.} ({Predecessor:} 9... b5 10. exd5 exd5 11. Nb3 Qd6 12. d4 c4 13. Nc5 {1-0 (58) Chigaev,M (2494)-Tomczak,J (2561) Wroclaw 2014}) 10. h3 e5 11. a3 d4 12. cxd4 cxd4 13. b4 a6 14. Rb1 Be6 15. Nc4 b5 16. Ncd2 Nb8 17. Nb3 Nd7 18. Bd2 Rc8 19. Na5 Qb6 20. Rc1 Qb8 21. Rxc8 Rxc8 22. Qb1 Nb6 23. Be2 Na4 24. Bd1 Nc3 25. Qb2 Rc7 26. Bb3 Qc8 27. Kh2 Bxb3 28. Nxb3 Na4 29. Qb1 Qe6 30. Rc1 (30. Kg1 {is more complex.} Qb6 31. Rc1 f5 32. Re1 f4 33. Rc1) 30... Rxc1 31. Bxc1 Qc6 32. Bd2 Kf8 33. Ne1 Ke8 34. Kg1 Nc8 (34... f5 $11) 35. Kf1 (35. f4 $14) 35... Nd6 (35... g5 $11) 36. Na5 (36. f4 $14) 36... Qc7 37. Qb3 Nb6 {[#]} (37... Nc8 $11) 38. f4 $1 $16 Ndc8 39. fxe5 Bxe5 (39... Qxe5 $142 40. Qc2 Ne7) 40. Qc2 Qxc2 41. Nxc2 Ne7 42. Bxh6 f5 {[#]} (42... Nd7 $142 43. Ke2 f6) 43. exf5 $1 $18 Nxf5 44. Bd2 Kd7 45. g4 Ne7 (45... Ng7 $16 {was necessary.} 46. Ke2 Kd6) 46. Nb3 Nc6 47. Nc5+ Kd6 48. Nxa6 Na4 49. Na1 Kd5 50. Nb3 Bd6 51. Ke2 Ne5 52. Be1 Nb2 $2 (52... g5 53. Bd2 Nf7) 53. Nac5 Na4 54. Ne4 Be7 55. Bd2 Nb2 56. Nec5 Nbc4 57. Bc1 Nb6 58. Bf4 Nc6 59. Ne4 Na4 60. Kd2 Bh4 61. Kc2 Be7 62. Bg3 Nb6 63. Nbc5 Na4 64. Na6 {[%cal Ra6c7]} Nd8 65. g5 Nf7 (65... Ne6 $142 66. h4 Nb6 67. Nc7+ Nxc7) 66. h4 {White is clearly winning.} Nb6 67. Nc7+ {[%mdl 64] Double Attack} Kc6 68. Ne6 {Accuracy: White = 64%, Black = 42%.} 1-0

[Event "51st Belgrade WGM 2019"]
[Site "Belgrade"]
[Date "2019.03.19"]
[Round "3.3"]
[White "Djukic, Sandra"]
[Black "Michelle Catherina, P."]
[Result "1/2-1/2"]
[WhiteElo "2157"]
[BlackElo "2175"]
[Annotator "TA"]
[PlyCount "149"]
[EventDate "2019.03.17"]
[EventType "tourn"]
[EventCountry "SRB"]
[SourceTitle "playchess.com"]
[Source "ChessBase"]
[SourceQuality "1"]

{[%evp 10,149,20,-1,14,-20,-12,-16,6,-12,0,0,0,0,0,0,0,0,0,-41,-31,-38,-30,-47,-32,-52,-54,-67,-64,-60,-64,-109,-106,-131,-122,-116,-120,-110,-111,-129,-89,-105,-113,-140,-102,-102,-116,-116,0,0,0,0,0,-6,-16,-29,-26,-33,-35,-102,-89,-121,-110,-149,-138,-142,-141,-193,-123,-161,-120,-187,0,-153,-97,-172,-162,-280,-249,-214,0,-238,-70,-110,-124,-118,-111,-108,-111,-110,-102,-122,-122,-172,-102,-134,-134,-130,-129,-122,-118,-127,-134,-131,-122,-115,-93,-99,-25,-48,-35,-35,-35,-35,-35,-8,-8,-593,-579,-467,-152,-422,-35,-35,-35,-35,-35,-41,0,0,0,0,0,0,0,0,0,0,0,0,0,0]} 1. d4 Nf6 2. c4 e6 3. Nf3 d5 4. Nc3 Bb4 5. cxd5 exd5 6. Qc2 Ne4 {E35: Nimzo-Indian: Classical: 4...d5 5 cxd5 exd5} (6... c5 7. dxc5 d4 8. a3 Ba5 9. b4 dxc3 10. bxa5 Qxa5 11. Be3 Nc6 12. Nd4 Qxc5 13. Nxc6 Qxc6 14. Bd4 {1-0 (51) Zhou,J (2609)-Kuybokarov,T (2513) chess.com INT 2019}) 7. a3 Bxc3+ $1 8. bxc3 c5 9. dxc5 Qa5 10. e3 $146 ({Predecessor:} 10. Bb2 Qxc5 11. e3 Nc6 12. Bd3 f5 13. O-O {0-1 (49) Kokanovic,D-Rakic Serianc,B Subotica 1983}) 10... Nd7 11. Nd4 Ndxc5 12. Bb5+ Bd7 13. Bxd7+ $1 Nxd7 14. f3 Nd6 15. O-O O-O 16. Rb1 Nb6 17. Rb4 Rac8 18. Nf5 Nxf5 19. Qxf5 Qc5 20. Rh4 {[%csl Gh4][%cal Rf5h7]} h6 21. Qg4 Rc6 22. Qd4 Qxc3 23. Bb2 Qxd4 24. Bxd4 Rfc8 25. Rg4 f6 26. Rd1 Rc1 27. Rxc1 Rxc1+ $17 {[%mdl 4096] Endgame KRB-KRN} 28. Kf2 Kf7 (28... Rc2+ $17 29. Kg3 Nc4 30. Bxf6 Rxg2+ $1 {[%mdl 576] Decoy} 31. Kxg2 Nxe3+ {[%mdl 64] Double Attack} 32. Kg3 Nxg4) 29. Bxb6 $1 $11 axb6 {KR-KR} 30. Rb4 Rc6 31. Kg3 Ke6 32. e4 dxe4 33. Rxe4+ Kd6 34. Rd4+ (34. Rg4 $15) 34... Kc7 $1 $17 35. a4 Rc5 36. h4 b5 37. axb5 Rxb5 38. Rc4+ (38. Rg4 $17 g5 39. Rc4+ Kd6 40. Rc8) 38... Kd7 (38... Kd6 $19 39. Ra4 Re5) 39. Rd4+ Ke7 40. Rc4 (40. Rg4 $17) 40... Kd7 41. Rd4+ $1 Ke6 (41... Kc6 $142 42. Rg4 g5) 42. Rd8 (42. Rg4 $17) 42... Rc5 $1 $19 43. Re8+ (43. Kf2 {might work better.}) 43... Kd6 44. Rd8+ Ke6 45. Re8+ Kf7 $2 (45... Kd5 $1 $19 46. Kf4 b5) 46. Rb8 Rc7 $1 47. Kf4 Ke6 48. Ke4 Kd6 49. Kd4 Kc6 50. Kc4 Kb6+ 51. Kb4 Rd7 (51... Rc2 $19 52. g4 Rf2) 52. h5 Kc7 53. Re8 Kd6 54. Re4 f5 55. Re2 Re7 56. Rd2+ Ke5 57. g3 Kf6 58. f4 {[#]} Re6 (58... g6 $1 $17) 59. Rd7 Re3 60. Rd6+ Ke7 61. Rb6 Rxg3 {And now ...Rg4 would win.} 62. Rxb7+ Kd6 {...Kd5 is the strong threat.} 63. Rf7 $2 {[%mdl 8192]} (63. Kc4 $11 {and White has nothing to worry.}) 63... Ke6 64. Ra7 {[#]} Rg4 $2 (64... Kd5 $1 $19 {is more deadly.} 65. Re7 Kd4) 65. Kc5 $2 (65. Kc3 $17 {is the only way for White.}) 65... Kf6 $2 ({Black should play} 65... Rxf4 $19 {aiming for ...Rg4.} 66. Rxg7 Ke5) 66. Ra6+ $15 Kf7 67. Ra7+ Kg8 68. Ra4 g6 69. Kd5 {The position is equal.} g5 70. Ke5 Rh4 71. Kf6 {Strongly threatening Ra8+.} gxf4 72. Ra8+ Kh7 73. Ra7+ Kg8 74. Ra8+ Kh7 75. Ra7+ {Accuracy: White = 36%, Black = 53%.} 1/2-1/2

[Event "51st Belgrade WGM 2019"]
[Site "Belgrade"]
[Date "2019.03.19"]
[Round "3.4"]
[White "Drljevic, Ljilja"]
[Black "Benderac, Ana"]
[Result "1/2-1/2"]
[WhiteElo "2188"]
[BlackElo "2204"]
[Annotator "NA"]
[PlyCount "23"]
[EventDate "2019.03.17"]
[EventType "tourn"]
[EventCountry "SRB"]
[SourceTitle "playchess.com"]
[Source "ChessBase"]
[SourceQuality "1"]
[TimeControl "40/5400+30:1800+30"]

1. e4 {[%emt 0:00:00]} d6 {[%emt 0:00:00]} 2. d4 {[%emt 0:00:00]} Nf6 {[%emt 0:00:16]} 3. Nc3 {[%emt 0:00:30]} c6 {[%emt 0:00:19]} 4. Nf3 {[%emt 0:03:18]} g6 {[%emt 0:02:45]} 5. h3 {[%emt 0:01:10]} Bg7 {[%emt 0:00:14]} 6. Be2 {[%emt 0:01:31]} O-O {[%emt 0:00:29]} 7. O-O {[%emt 0:00:09]} Qc7 {[%emt 0:03:49]} 8. a4 {[%emt 0:04:57]} a5 {[%emt 0:07:43]} 9. Be3 {[%emt 0:00:27]} Na6 {[%emt 0:02:33]} 10. Qd2 {[%emt 0:02:00]} Nb4 {[%emt 0:01:30]} 11. Rad1 {[%emt 0:03:25]} Re8 {[%emt 0:02:01]} 12. Rfe1 {[%emt 0:01:16]} 1/2-1/2

[Event "51st Belgrade WGM 2019"]
[Site "Belgrade"]
[Date "2019.03.19"]
[Round "3.5"]
[White "Srdanovic, Jovana"]
[Black "Prudnikova, Svetlana"]
[Result "0-1"]
[WhiteElo "2077"]
[BlackElo "2233"]
[Annotator "NA"]
[PlyCount "86"]
[EventDate "2019.03.17"]
[EventType "tourn"]
[EventCountry "SRB"]
[SourceTitle "playchess.com"]
[Source "ChessBase"]
[SourceQuality "1"]
[TimeControl "40/5400+30:1800+30"]

1. d4 {[%emt 0:00:00]} Nf6 {[%emt 0:00:00]} 2. c4 {[%emt 0:00:00]} e6 {[%emt 0:00:04]} 3. Nc3 {[%emt 0:00:00]} c5 {[%emt 0:00:31]} 4. d5 {[%emt 0:00:03]} exd5 {[%emt 0:00:38]} 5. cxd5 {[%emt 0:00:27]} d6 {[%emt 0:00:05]} 6. Bf4 {[%emt 0:01:45]} g6 {[%emt 0:03:31]} 7. Nf3 {[%emt 0:00:59]} Bg7 {[%emt 0:05:15]} 8. e3 {[%emt 0:00:23] A61: Modern Benoni: Nf3 without early e4} (8. Qa4+ Bd7 9. Qb3 Qc7 10. e4 O-O 11. Be2 a6 12. a4 Bg4 13. h3 Bxf3 14. Bxf3 Nfd7 15. O-O Ne5 16. Be2 Nbd7 17. Be3 c4 18. Qa2 f5 19. f4 Nf7 20. exf5 {1-0 (74) Postny,E (2615)-Akopian,V (2650) St Petersburg 2018}) 8... O-O {[%emt 0:01:15]} 9. Be2 {[%emt 0:05:33]} Nh5 {[%emt 0:03:52]} 10. Bg5 {[%emt 0:01:38]} f6 {[%emt 0:01:43]} 11. Bh4 {[%emt 0:00:31]} g5 {[%emt 0:00:41]} 12. Nd2 {[%emt 0:02:31]} gxh4 {[%emt 0:06:55]} 13. Bxh5 {[%emt 0:00:14]} f5 {[%emt 0:05:31]} 14. Be2 $146 {[%emt 0:29:59]} ({Predecessor:} 14. f4 Nd7 15. Qc2 Nf6 {0-1 (36) Andreasen,J (2215)-Thybo,J (2358) Denmark 2017}) 14... Nd7 {[%emt 0:03:43]} 15. h3 {[%emt 0:06:56]} f4 {[%emt 0:15:49]} 16. e4 {[%emt 0:08:21]} Ne5 {[%emt 0:00:54]} 17. Qc2 {[%emt 0:11:54]} a6 {[%emt 0:03:27]} 18. Nf3 {[%emt 0:08:25]} b5 {[%emt 0:01:15]} 19. a4 {[%emt 0:03:38]} Bd7 {[%emt 0:19:06]} 20. O-O {[%emt 0:03:50]} b4 {[%emt 0:06:37]} 21. Nb1 {[%emt 0:02:08]} Qf6 {[%emt 0:04:49]} 22. Ra2 {[%emt 0:02:49]} c4 {[%emt 0:03:52]} 23. b3 {[%emt 0:00:38]} c3 {[%emt 0:00:50]} 24. Re1 {[%emt 0:01:25]} Kh8 {[%emt 0:00:25]} 25. Nxe5 {[%emt 0:00:18]} Qxe5 {[%emt 0:00:03]} 26. Bf3 {[%emt 0:00:05]} a5 {[%emt 0:02:29]} 27. Qc1 {[%emt 0:01:24]} Bf6 {[%emt 0:01:27]} 28. Kh2 {[%emt 0:00:37]} Rg8 {[%emt 0:00:16]} 29. Rc2 {[%emt 0:01:07]} Rg5 {[%emt 0:01:11]} 30. Qd1 {[%emt 0:00:34]} Rc8 {[%emt 0:00:36]} 31. Qe2 {[%emt 0:00:22]} Rcg8 {[%emt 0:00:41]} 32. Rg1 {[%emt 0:00:47]} Qe8 {[%emt 0:02:38]} 33. Rcc1 {[%emt 0:02:29]} Be5 {[%emt 0:00:48]} 34. Qc4 {[%emt 0:00:44]} (34. Nd2 {only move.} cxd2 35. Qxd2) 34... Qb8 {[%emt 0:01:13]} 35. Kh1 {[%emt 0:00:25]} Rc8 {[%emt 0:01:48]} 36. Qd3 $19 {[%emt 0:01:34]} Rc7 {[%emt 0:00:58]} 37. Qc2 {[%emt 0:00:48]} Bc8 {[%emt 0:01:21]} 38. Qe2 {[%emt 0:01:15]} Rcg7 {[%emt 0:00:20]} 39. Kh2 {[%emt 0:01:26]} Bd7 {[%emt 0:00:16]} 40. Qa6 {[%emt 0:00:20]} Qg8 {[%emt 0:00:43]} 41. Qf1 {[%emt 0:02:54]} Qc8 {[%emt 0:01:36]} 42. Qd3 {[%emt 0:02:12]} Bxh3 {[%emt 0:02:32]} 43. Kh1 {[%emt 0:03:07]} Qg8 {[%emt 0:03:25]} 0-1

[Event "51st Belgrade WGM 2019"]
[Site "Belgrade"]
[Date "2019.03.20"]
[Round "4.1"]
[White "Djukic, Sandra"]
[Black "Dimitrova, Aleksandra"]
[Result "1/2-1/2"]
[WhiteElo "2157"]
[BlackElo "2259"]
[Annotator "TA"]
[PlyCount "36"]
[EventDate "2019.03.17"]
[EventType "tourn"]
[EventCountry "SRB"]
[SourceTitle "playchess.com"]
[Source "ChessBase"]
[SourceQuality "1"]

{[%evp 9,36,4,41,34,33,29,42,29,36,34,35,26,37,35,61,47,39,37,44,52,58,53,71,72,58,53,26,42,18]} 1. d4 Nf6 2. c4 e6 3. Nf3 b6 4. g3 Ba6 5. Qc2 Bb4+ 6. Bd2 {E15: Queen's Indian: 4 g3 sidelines, 4 g3 Ba6 and 4 g3 Bb7 early deviations} Be7 7. e4 d5 8. cxd5 Bxf1 $1 9. Kxf1 {aiming for dxe6.} exd5 10. e5 Ne4 11. Nc3 Nxc3 (11... Nxd2+ 12. Qxd2 Qd7 13. Kg2 Nc6 {½-½ (47) Lenic,L (2662)-Esipenko,A (2581) Batumi 2018}) 12. bxc3 Qd7 13. Kg2 $36 {[%mdl 2048] White has good play.} Nc6 14. h4 $146 Nd8 15. Bg5 Ne6 16. Bxe7 Qxe7 17. Ng5 h6 18. Nxe6 fxe6 1/2-1/2

[Event "51st Belgrade WGM 2019"]
[Site "Belgrade"]
[Date "2019.03.20"]
[Round "4.2"]
[White "Strutinskaia, Galina"]
[Black "Chelushkina, Irina"]
[Result "1/2-1/2"]
[WhiteElo "2225"]
[BlackElo "2277"]
[Annotator "TA"]
[PlyCount "34"]
[EventDate "2019.03.17"]
[EventType "tourn"]
[EventCountry "SRB"]
[SourceTitle "playchess.com"]
[Source "ChessBase"]
[SourceQuality "1"]

{[%evp 16,17,74,76]} 1. d4 d6 2. e4 Nf6 3. Nc3 Nc6 4. Nf3 e5 5. dxe5 Nxe5 6. Nxe5 dxe5 7. Qxd8+ Kxd8 8. Bc4 {C47: Scotch Four Knights and Four Knights with 4 g3} Be6 9. Bxe6 {LiveBook: 4 Games} {Predecessor:} fxe6 $146 10. Bg5 Bb4 11. O-O-O+ Ke7 12. Ne2 h6 13. Bxf6+ gxf6 14. f3 h5 15. g3 a6 16. c3 Bc5 17. Kc2 Rad8 {1-0 (40) Nakamura,H (2787)-Harikrishna,P (2763) chess.com INT 2016} 1/2-1/2

[Event "51st Belgrade WGM 2019"]
[Site "Belgrade"]
[Date "2019.03.20"]
[Round "4.3"]
[White "Michelle Catherina, P."]
[Black "Prudnikova, Svetlana"]
[Result "1-0"]
[WhiteElo "2175"]
[BlackElo "2233"]
[Annotator "TA"]
[PlyCount "75"]
[EventDate "2019.03.17"]
[EventType "tourn"]
[EventCountry "SRB"]
[SourceTitle "playchess.com"]
[Source "ChessBase"]
[SourceQuality "1"]

{[%evp 15,75,36,56,58,131,127,97,53,118,117,137,136,160,134,137,112,95,48,57,43,49,45,50,27,56,33,112,111,103,84,95,106,91,82,177,160,231,120,121,135,135,119,124,135,129,85,64,60,87,88,106,107,261,261,277,279,258,265,513,504,1103,1012]} 1. e4 e5 2. Nf3 Nc6 3. Bb5 a6 4. Ba4 Nf6 5. O-O Be7 6. Re1 d6 7. c3 Bg4 8. d3 Qd7 9. Nbd2 {[%cal Bb1d2,Bd2f1,Bf1e3][%mdl 32] C87: Closed Ruy Lopez: Steinitz-type lines after 6 Re1 d6} g5 (9... b5 $14 10. Bb3 O-O) 10. Nf1 $1 $16 Rg8 (10... O-O-O 11. h3 Bh5 12. Ng3 g4 13. Nxh5 Nxh5 14. hxg4 Qxg4 15. Ng5 Qh4 {1-0 (25) Svidler,P (2754)-Naiditsch,A (2689) Khanty-Mansiysk 2009}) 11. b4 $146 {White is better.} ({Predecessor:} 11. Ne3 h5 12. d4 b5 13. Bb3 Bxf3 14. Qxf3 exd4 15. Nd5 Nxd5 16. exd5 Na5 17. Bc2 Kf8 18. cxd4 Qg4 19. Qc3 Nc4 20. b3 Nb6 21. Qxc7 Nxd5 22. Qb7 Rc8 23. h3 {1-0 (23) Hellers,F (2490)-Mortensen,E (2470) Thessaloniki 1988}) 11... b5 (11... Nh5 $14) 12. Bb3 h5 13. a4 {aiming for axb5.} Rb8 14. axb5 axb5 15. Ne3 Be6 16. Bd5 g4 17. Nd2 h4 18. Ndf1 Bd8 19. d4 $36 {[%mdl 2048] White is pushing.} Ne7 20. c4 c6 (20... Bxd5 $14 21. Nxd5 Nc6) 21. Bxe6 fxe6 22. Bb2 exd4 23. Qxd4 e5 24. Qd3 Ng6 (24... h3 $16) 25. Nf5 $18 Bc7 (25... bxc4 $16 {keeps fighting.} 26. Qxd6 (26. Nxd6+ Kf8 $16) 26... Qxd6 27. Nxd6+ Kd7) 26. Red1 (26. cxb5 $1 $18 Rxb5 27. Ra7) 26... bxc4 $16 27. Qxc4 d5 28. exd5 cxd5 {[#]} 29. Qc2 $1 Bb6 30. Re1 Ne4 31. Rxe4 $1 dxe4 32. Qxe4 {[%mdl 64] Double Attack} Rf8 {[#]} 33. N1e3 $1 Rd8 $2 (33... Bxe3 $16 34. Nxe3 Qe6) 34. Bxe5 $18 (34. Qxg4 $6 Qf7 $18) 34... Rxf5 35. Bd6+ ({Much less strong is} 35. Nxf5 $6 Qd1+ 36. Qe1 Qxe1+ 37. Rxe1 Kd7 $18) 35... Kf7 {White must now prevent ...Bxe3.} 36. Nxf5 {Threatens to win with Re1.} g3 $2 (36... Re8 37. Qd3 (37. Qxg4 Kf6 $11) 37... Qe6) 37. hxg3 Kf6 (37... hxg3 $142 38. Bxg3 Qd3 39. Qb7+ {[%mdl 64] Double Attack} Rd7 40. Nh6+ Kg7 41. Qxb6 Kxh6) 38. Nxh4 {Accuracy: White = 62%, Black = 30%.} 1-0

[Event "51st Belgrade WGM 2019"]
[Site "Belgrade"]
[Date "2019.03.20"]
[Round "4.4"]
[White "Voiska, Margarita"]
[Black "Drljevic, Ljilja"]
[Result "1-0"]
[WhiteElo "2203"]
[BlackElo "2188"]
[Annotator "TA"]
[PlyCount "83"]
[EventDate "2019.03.17"]
[EventType "tourn"]
[EventCountry "SRB"]
[SourceTitle "playchess.com"]
[Source "ChessBase"]
[SourceQuality "1"]

{[%evp 14,83,33,24,33,39,34,25,35,16,22,10,18,0,0,0,-3,-33,-12,-44,-17,-20,-14,-9,28,25,36,52,61,29,63,-5,-14,-14,-7,-4,137,98,101,97,108,49,116,-107,41,0,4,-2,59,72,245,244,214,212,234,223,305,319,808,808,788,757,1493,1462,2740,3193,3210,2761,29980,8766,29991,29991]} 1. d4 d6 2. Nf3 g6 3. g3 Bg7 4. Bg2 Nd7 5. O-O e5 6. c4 Ne7 7. Nc3 O-O 8. e3 Nc6 {A41: 1 d4 d6: Tartakower System and Modern Defence} (8... a5 9. b3 Nc6 10. Bb2 Re8 11. h3 e4 12. Ne1 f5 13. Nc2 Nf6 14. a3 d5 15. f4 Be6 16. c5 {1-0 (41) Movsesian,S (2679)-Kuybokarov,T (2491) Moscow 2017}) 9. d5 Ne7 10. e4 h6 {White has an edge.} 11. Ne1 f5 12. Nd3 g5 $146 ({Predecessor:} 12... a6 13. f4 Kh7 14. Bd2 fxe4 15. Nxe4 exf4 16. Nxf4 Ne5 17. Rc1 Bf5 18. h3 Qe8 19. g4 Bd7 20. c5 Nc8 21. cxd6 Nxd6 22. Rxc7 Bb5 23. Nxd6 {1-0 (22) Camus de Solliers,G (2331)-Jossien,R (2287) France 2008}) 13. exf5 Nxf5 14. Ne4 Nf6 15. f3 Nd4 16. Ndf2 Bf5 17. Be3 a5 18. Rc1 a4 19. Nc3 a3 20. b4 c6 21. dxc6 bxc6 22. f4 (22. b5 $14) 22... gxf4 $11 23. gxf4 Rb8 24. b5 c5 (24... cxb5 $11 25. Bxd4 exd4 26. Nxb5 {[#]} d3 $1 {[%mdl 512]}) 25. fxe5 $16 dxe5 26. Nce4 Qe7 27. Nxf6+ (27. Ng3 $16 Be6 28. Kh1) 27... Rxf6 (27... Qxf6 $14 28. Kh1 Qh4) 28. Re1 $2 {[#]} (28. Ne4 $16 {stays on course.}) 28... Qd7 (28... Rg6 $17 {Hoping for ...Qb7.} 29. Qh5 Qf7) 29. Ne4 Rg6 30. Bxd4 Bxe4 (30... cxd4 $11 31. Ng3 Rg4) 31. Rxe4 $14 Qh3 $2 (31... exd4 $16 {is a better defense.} 32. Qd3 Qd6) 32. Qe2 $18 cxd4 ({Reject} 32... exd4 33. Kh1) 33. Kh1 Qd7 34. Qd3 Rg5 35. c5 Bf8 $2 (35... Rxg2 36. Kxg2 Qxb5 37. Qxb5 (37. Qxa3 Kh8 $16) 37... Rxb5) 36. c6 Qc7 37. Rf1 Qe7 38. Qc4+ Kg7 39. c7 Rc8 40. b6 Rg6 41. Bh3 Qg5 42. Rg4 {Accuracy: White = 53%, Black = 21%.} 1-0